Sigles des pays - Statistiques

Statistiques générales
  • Ce quiz a été pris 113 fois
  • Le résultat moyen est 7 sur 9
Statistiques - réponses
Pays Sigles % Correct
Émirats arabes unis EAU
96%
États-Unis USA
96%
République démocratique du Congo RDC
94%
Union soviétique URSS
93%
Papouasie-Nouvelle-Guinée PNG
88%
Allemagne de l'Ouest RFA
88%
Allemagne de l'Est RDA
87%
République arabe sahraouie démocratique RASD
69%
Macédoine du Nord AYRM
3%
Aucun quiz correspondant
Distribution des résultats
% des personnes avec chaque résultat
Percentile par nombre de réponses
Votre historique - résultats
Vous n’avez pas pris ce quiz